[Event "SVK-Cup12 sf4 corr"]
[Site "Slovakia"]
[Date "2000.07.??"]
[Round "?"]
[White "Csjernyik, Jan"]
[Black "Hudec, Dusan"]
[Result "1/2-1/2"]
[WhiteElo "2237"]
[BlackElo "2050"]
[PlyCount "71"]
[EventDate "2000.07.??"]
[EventType "tourn (corr)"]
[EventRounds "12"]
[EventCountry "SVK"]
[SourceTitle "Corr 2004"]
[Source "ChessBase"]
[SourceDate "2003.04.28"]
[SourceVersion "3"]
[SourceVersionDate "2003.04.28"]
[SourceQuality "1"]

1. Nf3 c5 2. g3 Nc6 3. Bg2 d5 4. d4 e6 5. 0-0 Nf6 6. b3 cxd4 7. Nxd4 Bd7 8. Bb2 Bc5 9. e3 0-0 10. c4 Rc8 11. cxd5 Nxd5 12. Nc2 Qe7 13. Nd2 b5 14. a3 Rfd8 15. b4 Bb6 16. Qe2 a5 17. bxa5 Nxa5 18. Rfc1 Nc3 19. Bxc3 Rxc3 20. Nb4 Rxc1+ 21. Rxc1 Be8 22. Qe1 f6 23. Rc2 Bc5 24. Ne4 Nc4 25. Nxc5 Qxc5 26. Bf1 e5 27. a4 Bf7 28. Na6 Qb6 29. axb5 Qxb5 30. Qb4 Qxb4 31. Nxb4 Nd2 32. Bg2 Kf8 33. f4 Nc4 34. Kf2 g5 35. fxg5 fxg5 36. Bf1 1/2-1/2

[Event "SVK-Cup12 sf4 corr"]
[Site "Slovakia"]
[Date "2000.07.??"]
[Round "?"]
[White "Hudec, Dusan"]
[Black "Csjernyik, Jan"]
[Result "1/2-1/2"]
[WhiteElo "2050"]
[BlackElo "2237"]
[PlyCount "74"]
[EventDate "2000.07.??"]
[EventType "tourn (corr)"]
[EventRounds "12"]
[EventCountry "SVK"]
[SourceTitle "Corr 2004"]
[Source "ChessBase"]
[SourceDate "2003.04.28"]
[SourceVersion "3"]
[SourceVersionDate "2003.04.28"]
[SourceQuality "1"]

1. e4 e5 2. Nf3 Nc6 3. Bb5 a6 4. Ba4 Nf6 5. 0-0 Nxe4 6. d4 b5 7. Bb3 d5 8. dxe5 Be6 9. Nbd2 Nc5 10. c3 d4 11. Bxe6 Nxe6 12. cxd4 Ncxd4 13. Ne4 Be7 14. Be3 Nf5 15. Qc2 0-0 16. Rad1 Nxe3 17. fxe3 Qc8 18. Nd4 c5 19. Nf5 Qc7 20. Rf3 Rad8 21. Ned6 f6 22. Qe4 Ng5 23. Qd5+ Kh8 24. Rff1 Bxd6 25. Nxd6 Qe7 26. exf6 Rxf6 27. Rxf6 gxf6 28. e4 c4 29. Rd2 Qa7+ 30. Kf1 Qe3 31. Qf5 Rf8 32. Rd1 Qa7 33. a4 bxa4 34. Nxc4 Qc7 35. Nd6 Qc2 36. Qd5 Ne6 37. Qd2 Qb3 1/2-1/2